Η βιομηχανία της Ελλάδος

Αποθηκεύτηκε σε:
Λεπτομέρειες βιβλιογραφικής εγγραφής
Συγγραφή απο Οργανισμό/Αρχή: Υπουργείον Εθνικής Οικονομίας Τμήμα βιομηχανίας Διεύθυνσις εμπορίου και βιομηχανίας
Μορφή: Βιβλίο
Γλώσσα:Greek
Δημοσίευση: Εν Αθήναις : Εκ του Εθνικού Τυπογραφείου, [1921].
Θέματα:
Διαθέσιμο Online:http://hdl.handle.net/11610/17044
Ετικέτες: Προσθήκη ετικέτας
Δεν υπάρχουν, Καταχωρήστε ετικέτα πρώτοι!

MARC

LEADER 00000cam a2200000 i 4500
001 1/59463
008 141110q1921 gr | ||| |||| ||gre||
035 |l 10119700 
040 |a GR-MyUA  |b gre  |e AACR2 
041 0 |a gre 
082 0 |a 338.09495   |2 (23)  
110 2 |a Υπουργείον Εθνικής Οικονομίας Τμήμα βιομηχανίας  |b Διεύθυνσις εμπορίου και βιομηχανίας. 
245 1 2 |a Η βιομηχανία της Ελλάδος /   |c Υπουργείον Εθνικής Οικονομίας.  
260 |a Εν Αθήναις :   |b Εκ του Εθνικού Τυπογραφείου,   |c [1921].  
300 |a 43 σ. :   |b πίν. ;   |c 23 εκ.  
500 |a Υπάρχει ψηφιακό αντίγραφο.  
500 |a Στο εξώφυλλο του c.1 σφραγίδα "Δημόσια Εμπορική Σχολή Ν. Καρλοβασίου". 
650 0 0 |a Industries  |z Greece  |x History. 
852 |a INST  |b SAMOS  |c PORFYRIADA  |e 20141110  |h 338.09495 ΥΠΟ  |p 005300037151  |q 005300037151  |t NOLOAN  |y 23 
852 |a INST  |b SAMOS  |c PORFYRIADA  |e 20151201  |h 338.09495 ΥΠΟ  |p 005300043124  |q 005300043124  |t NOLOAN  |y 23 
856 |u http://hdl.handle.net/11610/17044 
901 |a BIBL3-2014-3 
909 |a Σ  |b 185306 
970 |a ΣΙΤΖΙΜΗ  |b ΓΙΑΣΕΜΗ  |z 2014/11/10